Diseño de algoritmos de control para simuladores de procesos de eventos discretos
Uloženo v:
| Hlavní autor: | |
|---|---|
| Médium: | Kniha |
| Jazyk: | Spanish |
| Vydáno: |
[San José, Costa Rica]
2011
|
| Témata: | |
| Tagy: |
Přidat tag
Žádné tagy, Buďte první, kdo vytvoří štítek k tomuto záznamu!
|
MARC
| LEADER | 00000nam a22000007a 4500 | ||
|---|---|---|---|
| 003 | 010627 | ||
| 005 | 20221231143933.0 | ||
| 008 | 151111b2011 cr a|||| |||| 00| 0 spa d | ||
| 040 | |c cru CEDI | ||
| 090 | |a TFG 6459 | ||
| 100 | |9 124 |a Retana Barrantes, Silvia | ||
| 245 | |a Diseño de algoritmos de control para simuladores de procesos de eventos discretos | ||
| 260 | |a [San José, Costa Rica] |c 2011 | ||
| 500 | |a "IE-0502 Proyecto Eléctrico" Proyecto de graduación (bachillerato en ingeniería eléctrica)--Universidad de Costa Rica. Facultad de Ingeniería. Escuela de Ingeniería Eléctrica | ||
| 650 | |x CONTROL AUTOMATICO |x SISTEMAS DE CONTROL |x SIMULACION POR COMPUTADORA |x ALGORITMOS |9 2262 | ||
| 942 | |c TFG | ||
| 999 | |c 14491 |d 14491 | ||
